High touch selling : how to make a great life while making a great living
| Main Author: | |
|---|---|
| Format: | Book |
| Subjects: |
MARC
| LEADER | 00000cam a2200000 7i4500 | ||
|---|---|---|---|
| 001 | 0000004165 | ||
| 002 | 000004480 | ||
| 005 | 20011023.0 | ||
| 020 | |a 9837200340 | ||
| 090 | 0 | 0 | |a 658.81 |b SAV |
| 100 | 1 | |a Sarage, John | |
| 245 | 1 | 0 | |a High touch selling : |b how to make a great life while making a great living |c by John Sarage |
| 300 | |a 173p. : |b 23cm | ||
| 650 | 0 | 0 | |a Sales management |
| 999 | |a 033459 |b BUKU |c PINJAMAN |e PERPUSTAKAAN KOMUNITI PETALING JAYA | ||